000 01184pab a2200205 454500
008 180718b2007 xxu||||| |||| 00| 0 eng d
100 _aLong, Jason
245 _aThe path to convergence: intergenerational occupational mobility in Britain and the US in three ERAs
260 _c2007
300 _ap.C61-C71.
362 _aMar
520 _aLate nineteenth-century intergenerational Occupational mobility was higher in the US than in Britain. Differences between them in this type of mobility are absent today. Using data on 10,000 US and British father and son pairs followed over two intervals (the 1860s and 1870s, and the 1880s and 1890s), we examine how this convergence occurred. The US remained more mobile then Britain through 1900 but the difference fell over the last two decades of the nineteenth century (as British mobility rose) and was erased by the 1950s (as mobility fell by more in the US than in Britain). - Reproduced.
650 _aOccupational mobility - United States
650 _aOccupational mobility - Great Britain
650 _aOccupational mobility
700 _aFerrie, Joseph
773 _aEconomic Journal
908 _aN
909 _a74498
999 _c74498
_d74498